|
|
|
|
| LEADER |
00000cam a2200000 a 4500 |
| 001 |
vtls001146593 |
| 003 |
SK-MaSNL |
| 005 |
20260302064622.0 |
| 008 |
251029s1806 au 0 ger |
| 015 |
|
|
|a SNBHFA
|
| 035 |
|
|
|a SNK000089452
|
| 040 |
|
|
|a SNK
|b slo
|c SNK
|e AACR2
|
| 041 |
0 |
|
|a ger
|
| 044 |
|
|
|a au
|c AT
|
| 072 |
|
7 |
|a 808
|x Literárny štýl. Literárna činnosť a technika. Efektívne využívanie jazyka. Spisovateľská činnosť
|2 konspekt
|
| 080 |
|
|
|a 808.5-055.1
|2 2011
|
| 130 |
3 |
|
|a Am Denkmahle
|9 726961
|
| 245 |
1 |
3 |
|a Am Denkmahle Kaiser Joseph's II.
|b Bey Errichtung desselben am Joseph's-Platze zu Wien
|
| 260 |
|
|
|a Wien
|b Mit Anton Pichler'schen Schriften
|c 1806
|
| 300 |
|
|
|a [8] s.
|c 18 cm
|
| 501 |
|
|
|a Prív. 6. k: ARIE welche ... Samuel Nicolai. [Prešov] : Michael Raedlitz, 1806.
|5 SNK SD 2489/1-12/prív.6
|
| 546 |
|
|
|a Nemčina
|b Fraktúra
|
| 600 |
0 |
7 |
|a Jozef
|b II.,
|c cisár Svätej ríše rímskej,
|d 1741-1790
|2 SNKMA
|9 239882
|
| 655 |
|
7 |
|a príležitostná poézia
|2 SNKPH
|9 86742
|
| 700 |
1 |
|
|a Pichler, Anton,
|d 1770-1823
|4 prt
|9 274211
|
| 752 |
|
|
|a Rakúsko
|d Viedeň
|
| 852 |
|
|
|a snk
|p SD 2489/1-12/prív.6
|
| 958 |
|
|
|a DF
|
| 958 |
|
|
|a ONDV
|
| 999 |
|
|
|c 1138413
|d 1140343
|
| 952 |
|
|
|a SNK
|b SNK
|y PREZ
|7 0
|p 17A1485227
|o snkSD 2489/1-12/prív.6
|i snk139-151/34
|0 0
|1 0
|4 0
|d 2022-05-13
|l 0
|r 2025-10-30 00:00:00
|w 2026-02-24
|